Statistics for 20 Countries with the Largest Shadow Economies

Click here to take the quiz!

General Stats

  • This quiz has been taken 32 times
  • The average score is 11 of 20

Answer Stats

Percent of GDPAnswer% Correct
52.49%Nigeria
93%
46.95%Democratic Republic of the Congo
83%
50.71%Central African Republic
79%
56.38%Haiti
66%
49.67%Liberia
66%
52.01%Gabon
59%
45.29%Madagascar
59%
67.00%Zimbabwe
59%
48.28%Benin
55%
42.60%El Salvador
55%
45.98%Bolivia
52%
46.88%Guatemala
52%
42.40%Ivory Coast
52%
43.64%Gambia
48%
42.29%Belize
45%
50.99%Myanmar
41%
43.12%Thailand
34%
42.90%Ukraine
34%
43.66%Azerbaijan
21%
53.07%Georgia
21%

Score Distribution

Percentile by Number Answered

Percent of People with Each Score

Your Score History

You have not taken this quiz